000
00257nam a2200109Ia 4500
008
190911s9999||||xx |||||||||||||| ||und||
100
_a
Graham Peirson
245
0
_a
Business Finance
260
_a
New York
_b
Mc Graw Hill
_c
1995
300
_a
835
942
_c
BK
999
_c
7004
_d
7004